Personalistika a trénink v oblasti technické přípravy výroby

Závislosť firemnej politiky v oblasti personalistiky a školení zamestnancov na zvyšovaní konkurenčnej schopnosti firmy. Nedostatok kvalifikovaných konštruktérov a technológov v strojárskych podnikoch. Nutnosť personálneho obsadzovania útvarov technickej prípravy výroby. Oblasť konštrukcie a TPV ovpl...

Descrizione completa

Salvato in:
Dettagli Bibliografici
Autore principale: Choma, J.
Natura: Capitolo di libro
Lingua:ceco
Soggetti:
Tags: Aggiungi Tag
Nessun Tag, puoi essere il primo ad aggiungerne!!

MARC

LEADER 00000naa a2200000 4500
001 r025924
005 20230922084530.2
041 0 |a cze 
044 |a CZ 
245 1 0 |a Personalistika a trénink v oblasti technické přípravy výroby  |c J. Choma 
520 |a Závislosť firemnej politiky v oblasti personalistiky a školení zamestnancov na zvyšovaní konkurenčnej schopnosti firmy. Nedostatok kvalifikovaných konštruktérov a technológov v strojárskych podnikoch. Nutnosť personálneho obsadzovania útvarov technickej prípravy výroby. Oblasť konštrukcie a TPV ovplyvňuje zvyšovanie konkurencieschopnosti firmy. Úloha školstva a školenia pracovníkov. 
610 2 0 |a personalistika 
610 2 0 |a útvary podnikové 
610 2 0 |a konštrukcia 
610 2 0 |a príprava výroby technická 
610 2 0 |a školenie odborné 
610 2 0 |a CAD 
610 2 0 |a podnik strojársky 
610 2 0 |a konkurencieschopnosť 
100 1 |a Choma, J.